00427nam a2200157Ia 4500008004100000040001900041041001200060082002700072100002100099245004000120260002600160300001900186650002000205651002300225850002100248131103s9999 xx 000 0 und d aLoreto College aEnglish a823.91/CHRbLCBED/1669 aChristie, Agatha 4aThe hound of deathcAgatha Christie aLondonbFontonac1933 a190p. c 18cm. aEnglish fiction aEnglish literature aLCBED/823.91/CHR